Nursing research : reading, using, and creating evidence / (Record no. 60144)

MARC details
000 -LEADER
fixed length control field 00609nam a22001817a 4500
005 - DATE AND TIME OF LATEST TRANSACTION
control field 20260209111848.0
008 - FIXED-LENGTH DATA ELEMENTS--GENERAL INFORMATION
fixed length control field 260205b |||||||| |||| 00| 0 eng d
020 ## - INTERNATIONAL STANDARD BOOK NUMBER
International Standard Book Number 9781284110043
050 ## - LIBRARY OF CONGRESS CALL NUMBER
Classification number RT81.5
Item number .H68 2018
100 ## - MAIN ENTRY--PERSONAL NAME
Personal name Houser, Janet, 1954-
245 ## - TITLE STATEMENT
Title Nursing research : reading, using, and creating evidence /
260 ## - PUBLICATION, DISTRIBUTION, ETC. (IMPRINT)
Place of publication, distribution, etc Sudbury, Mass. :
Name of publisher, distributor, etc Jones and Bartlett Publishers,
Date of publication, distribution, etc 2008.
300 ## - PHYSICAL DESCRIPTION
Extent xxiv, 586 p. :
Other physical details ill. ;
Dimensions 23 cm.
500 ## - GENERAL NOTE
General note Includes bibliographical references and index.
650 ## - SUBJECT ADDED ENTRY--TOPICAL TERM
Topical term or geographic name as entry element Nursing -Research - Methodology
650 ## - SUBJECT ADDED ENTRY--TOPICAL TERM
Topical term or geographic name as entry element Evidence-based nursing
942 ## - ADDED ENTRY ELEMENTS (KOHA)
Source of classification or shelving scheme Library of Congress Classification
Item type Book
Holdings
Withdrawn status Lost status Source of classification or shelving scheme Damaged status Not for loan Collection code Home library Current library Shelving location Date acquired Source of acquisition Total Checkouts Full call number Barcode Date last seen Copy number Price effective from Koha item type
    Library of Congress Classification     Non-fiction Bishop Okullu Memorial Library (Limuru Campus) Bishop Okullu Memorial Library (Limuru Campus) General Circulation 05/02/2026 Donations-Pittsburg   RT81.5 .H68 2018 072993 05/02/2026 1 05/02/2026 Book